Home Print Resources E-Books E-Journals IIMT Lecture Series Library Membership Form Book Recommendation Form Campus Tour Take AdmissionAbout Us Contact Us

SUPPLY CHAIN MANAGEMENT (Record no. 2796)

000 -LEADER
fixed length control field 00352nam a2200157Ia 4500
003 - CONTROL NUMBER IDENTIFIER
control field OSt
005 - DATE AND TIME OF LATEST TRANSACTION
control field 20240212114504.0
008 - FIXED-LENGTH DATA ELEMENTS--GENERAL INFORMATION
fixed length control field 170524s9999 xx 000 0 und d
020 ## - INTERNATIONAL STANDARD BOOK NUMBER
International Standard Book Number 978-0195689136
040 ## - CATALOGING SOURCE
Transcribing agency IIMT UNIVERSITY
100 ## - MAIN ENTRY--PERSONAL NAME
Personal name SHARMA SUNIL
100 ## - MAIN ENTRY--PERSONAL NAME
Titles and words associated with a name 2010
245 #0 - TITLE STATEMENT
Title SUPPLY CHAIN MANAGEMENT
260 ## - PUBLICATION, DISTRIBUTION, ETC.
Place of publication, distribution, etc. OXFORD
942 ## - ADDED ENTRY ELEMENTS (KOHA)
Source of classification or shelving scheme
Koha item type Text-Book- for 7 days
Holdings
Withdrawn status Lost status Source of classification or shelving scheme Damaged status Not for loan Home library Current library Date acquired Coded location qualifier Barcode Date last seen Price effective from Koha item type Public note
          IIMT University Central Library Meerut IIMT University Central Library Meerut 06/01/2017 Dept. MBA 01-B-21248 06/01/2017 06/01/2017 Book Bank
          IIMT University Central Library Meerut IIMT University Central Library Meerut 06/01/2017   01-B-21249 06/01/2017 06/01/2017 Book Bank  
          IIMT University Central Library Meerut IIMT University Central Library Meerut 06/01/2017   01-B-21250 06/01/2017 06/01/2017 Book Bank  
IIMT, Central Library. All Rights Reserved IIMT,UNIVERSITY © 2023
Implemented and Customised by I CLOUDE EMS
You Are OPAC Visitor No
free web counter

Powered by Koha